000 00708nam a22001937a 4500
005 20230112110025.0
008 230112b |||||||| |||| 00| 0 eng d
020 _a9780750686815
040 _aKMU
_cKMU
050 _aHD 30.2 Spa 2008
100 _aSparks,Darren
245 _aOrganisational Management and Information Systems:
_bThe Official CIMA Exam Practice Kit:The Key to Your CIMA future!/
_cDarren Sparkles.
250 _aFirst Edition
260 _aBurlington,MA:
_bCIMA;
_c2008.
300 _a209 p.:
_c29cm.
505 _aInformation systems,Operations Management and Quality,Marketing,Managing Human Capital,Change Management and Revision Questions.
600 _2Management
942 _2lcc
_cBK
_n0
999 _c112
_d112